Countries Starting with a Consonant & Ending with a vowel - Statistics

General Stats
  • This quiz has been taken 167 times
  • The average score is 78 of 95
Answer Stats
Country % Correct
Canada
92%
Russia
92%
Democratic Republic of the Congo
91%
Bolivia
90%
France
90%
South Africa
90%
Chile
88%
China
88%
Kenya
88%
Mexico
88%
North Korea
88%
Republic of the Congo
88%
South Korea
88%
Venezuela
88%
Zambia
88%
Zimbabwe
88%
North Macedonia
87%
Panama
87%
Rwanda
87%
Togo
87%
Tuvalu
87%
Vanuatu
87%
Bosnia and Herzegovina
86%
Burundi
86%
Cuba
86%
Serbia
86%
Slovakia
86%
Slovenia
86%
Tunisia
86%
Colombia
85%
Ghana
85%
Guyana
85%
Jamaica
85%
Lesotho
85%
Lithuania
85%
Malta
85%
Peru
85%
Saudi Arabia
85%
Cambodia
83%
Djibouti
83%
Georgia
83%
Latvia
83%
Mali
83%
Mongolia
83%
Nicaragua
83%
Nigeria
83%
Romania
83%
Somalia
83%
Belize
82%
Botswana
82%
Fiji
82%
Greece
82%
Guatemala
82%
Guinea
82%
Guinea-Bissau
82%
Haiti
82%
Libya
82%
Malaysia
82%
Mauritania
82%
Morocco
82%
Sri Lanka
82%
Suriname
82%
Tonga
82%
Costa Rica
81%
Dominica
81%
Nauru
81%
Palau
81%
Saint Lucia
81%
Brunei
79%
Gambia
79%
Monaco
79%
Mozambique
79%
Namibia
79%
Tanzania
79%
Bulgaria
78%
Croatia
78%
Federated States of Micronesia
78%
Montenegro
78%
Samoa
78%
San Marino
78%
Singapore
78%
Syria
78%
Kiribati
77%
Kosovo
77%
Liberia
77%
Malawi
77%
Grenada
76%
Moldova
76%
São Tomé and Príncipe
76%
Papua New Guinea
74%
Sierra Leone
74%
Trinidad and Tobago
73%
Burkina Faso
72%
Cape Verde
69%
Czechia
50%
No matching quizzes found
Score Distribution
Percent of People with Each Score
Percentile by Number Answered
Your Score History
You have not taken this quiz